[Event "COL-chT 21st"]
[Site "Cartagena"]
[Date "2019.11.30"]
[Round "1.3"]
[White "Solano, Deisy"]
[Black "Aguilar, Natalia Andrea"]
[Result "0-1"]
[WhiteElo "1408"]
[BlackElo "1811"]
[PlyCount "80"]
[EventDate "2019.11.30"]
[EventType "team-swiss"]
[EventRounds "9"]
[EventCountry "COL"]
[SourceTitle "CBM 195 Extra"]
[Source "ChessBase"]
[SourceDate "2020.05.31"]
[SourceVersion "1"]
[SourceVersionDate "2020.05.31"]
[SourceQuality "1"]
[WhiteTeam "Norte de Santander"]
[BlackTeam "Risaralda"]
[WhiteTeamCountry "COL"]
[BlackTeamCountry "COL"]

1. d4 d5 2. e3 Nf6 3. f4 e6 4. Nc3 c5 5. Nce2 Be7 6. c3 Nbd7 7. Nf3 b6 8. h3 Bb7 9. Bd2 Ne4 10. Qc2 Ndf6 11. 0-0-0 0-0 12. Be1 cxd4 13. exd4 b5 14. b4 a5 15. a3 axb4 16. axb4 Qb6 17. Nd2 Rfc8 18. Nxe4 Nxe4 19. Ng3 Bxb4 20. Nxe4 dxe4 21. Qb3 Ba3+ 22. Kd2 Bd5 23. Qxb5 Qc7 24. Ke2 Bc4+ 25. Qxc4 Qxc4+ 26. Kf2 Qa2+ 27. Rd2 Qb3 28. Re2 Bb2 29. Rxe4 Bxc3 30. Be2 Qd5 31. Bd3 Bxd4+ 32. Ke2 Ra2+ 33. Bd2 Rd8 34. Rc1 f5 35. Bc4 Qa5 36. Bxe6+ Kh8 37. Bxa2 Qxa2 38. Rd1 fxe4 39. Ke1 e3 40. Bb4 Qf2# 0-1

[Event "COL-chT 21st"]
[Site "Cartagena"]
[Date "2019.11.30"]
[Round "8.3"]
[White "Solano, Deisy"]
[Black "Bolanos Calvache, Brigeth Vanessa"]
[Result "0-1"]
[WhiteElo "1408"]
[BlackElo "1668"]
[PlyCount "71"]
[EventDate "2019.11.30"]
[EventType "team-swiss"]
[EventRounds "9"]
[EventCountry "COL"]
[SourceTitle "CBM 195 Extra"]
[Source "ChessBase"]
[SourceDate "2020.05.31"]
[SourceVersion "1"]
[SourceVersionDate "2020.05.31"]
[SourceQuality "1"]
[WhiteTeam "Norte de Santander"]
[BlackTeam "Cauca"]
[WhiteTeamCountry "COL"]
[BlackTeamCountry "COL"]

1. e4 c5 2. Nf3 d6 3. Bc4 e6 4. Nc3 a6 5. a3 b5 6. Be2 Nc6 7. d4 cxd4 8. Nxd4 Bb7 9. Be3 Nf6 10. 0-0 Be7 11. Qd3 Na5 12. b3 0-0 13. f4 Rc8 14. Rac1 Qc7 15. Bd2 Rfd8 16. Bf3 Qb6 17. Qe3 Rc7 18. h3 Rdc8 19. Kh1 Nc6 20. Nde2 Qxe3 21. Bxe3 Na5 22. Bb6 Nc6 23. Bxc7 Rxc7 24. Rcd1 Nd7 25. Nd4 Nxd4 26. Rxd4 Rxc3 27. e5 d5 28. Rf2 Bc5 29. Rd3 Rxd3 30. cxd3 Bxf2 31. g4 Nc5 32. b4 Nxd3 33. Bd1 Nxf4 34. Kh2 Nd3 35. Kg2 d4+ 36. Bf3 0-1

[Event "COL-chT rapid (Women)"]
[Site "Cartagena"]
[Date "2019.11.29"]
[Round "6.4"]
[White "Leal, Dayana Vanessa"]
[Black "Solano, Deisy"]
[Result "1-0"]
[WhiteElo "1489"]
[BlackElo "1330"]
[PlyCount "66"]
[EventDate "2019.11.29"]
[EventType "team-swiss"]
[EventRounds "7"]
[EventCountry "COL"]
[SourceTitle "CBM 193 Extra"]
[Source "ChessBase"]
[SourceDate "2020.01.31"]
[SourceVersion "1"]
[SourceVersionDate "2020.01.31"]
[SourceQuality "1"]
[WhiteTeam "Cauca (W)"]
[BlackTeam "Norte de Santander (W)"]
[WhiteTeamCountry "COL"]
[BlackTeamCountry "COL"]

1. d4 d5 2. c4 e6 3. Nf3 c6 4. Bf4 f5 5. Nc3 Nf6 6. e3 Be7 7. Bd3 0-0 8. 0-0 Bd6 9. Qb3 Bxf4 10. exf4 Re8 11. Rfe1 Nbd7 12. cxd5 exd5 13. Bxf5 Rf8 14. Be6+ Kh8 15. f5 Qc7 16. h3 Qf4 17. Qc2 Re8 18. Ne2 Qe4 19. Qxe4 Nxe4 20. Nf4 Ndf6 21. Ne5 Bxe6 22. Nxe6 Re7 23. f3 Nd6 24. g4 Rae8 25. a4 a5 26. Kf2 Kg8 27. Re3 b5 28. Nxc6 Rb7 29. Nxa5 Rb6 30. axb5 Ra8 31. Rea3 Nxb5 32. Ra4 Rba6 33. Nc5 Rb8 1-0

[Event "COL-chT rapid (Women)"]
[Site "Cartagena"]
[Date "2019.11.29"]
[Round "5.4"]
[White "Solano, Deisy"]
[Black "Almanza Avila, Nataly"]
[Result "0-1"]
[WhiteElo "1330"]
[BlackElo "1407"]
[PlyCount "66"]
[EventDate "2019.11.29"]
[EventType "team-swiss"]
[EventRounds "7"]
[EventCountry "COL"]
[SourceTitle "CBM 193 Extra"]
[Source "ChessBase"]
[SourceDate "2020.01.31"]
[SourceVersion "1"]
[SourceVersionDate "2020.01.31"]
[SourceQuality "1"]
[WhiteTeam "Norte de Santander (W)"]
[BlackTeam "Tolima (W)"]
[WhiteTeamCountry "COL"]
[BlackTeamCountry "COL"]

1. d4 Nf6 2. e3 d6 3. f4 g6 4. Nf3 Bg7 5. Bd3 0-0 6. Nbd2 Nc6 7. 0-0 e6 8. Qe1 Nd7 9. c3 Re8 10. Ne4 h6 11. Qg3 Ne7 12. Ned2 Nf5 13. Bxf5 exf5 14. Qf2 c5 15. Nc4 Nb6 16. Nxb6 axb6 17. d5 Bd7 18. Re1 b5 19. g3 Qb6 20. Qd2 Re4 21. a3 b4 22. a4 Rxa4 23. Rxa4 Bxa4 24. g4 fxg4 25. Qd3 Re8 26. Nd2 bxc3 27. bxc3 Qd8 28. c4 Qh4 29. Re2 Bd7 30. Rf2 g3 31. Rg2 gxh2+ 32. Rxh2 Qe1+ 33. Qf1 Qg3+ 0-1

[Event "COL-chT rapid (Women)"]
[Site "Cartagena"]
[Date "2019.11.29"]
[Round "4.4"]
[White "Villota Munoz, Gabriela Ana"]
[Black "Solano, Deisy"]
[Result "0-1"]
[WhiteElo "1178"]
[BlackElo "1330"]
[PlyCount "64"]
[EventDate "2019.11.29"]
[EventType "team-swiss"]
[EventRounds "7"]
[EventCountry "COL"]
[SourceTitle "CBM 193 Extra"]
[Source "ChessBase"]
[SourceDate "2020.01.31"]
[SourceVersion "1"]
[SourceVersionDate "2020.01.31"]
[SourceQuality "1"]
[WhiteTeam "Narino (W)"]
[BlackTeam "Norte de Santander (W)"]
[WhiteTeamCountry "COL"]
[BlackTeamCountry "COL"]

1. Nf3 d5 2. d4 e6 3. g3 f5 4. Bg2 Nf6 5. 0-0 Bd6 6. e3 Nbd7 7. b3 0-0 8. Ba3 Qe7 9. Bxd6 Qxd6 10. Qd3 c5 11. Nc3 Ne4 12. dxc5 Qxc5 13. Ng5 Nxg5 14. Nb5 a6 15. h4 Ne4 16. Bxe4 fxe4 17. Qe2 axb5 18. Rfd1 Rf3 19. Rdc1 Nb6 20. c3 Bd7 21. b4 Qc4 22. Qxc4 bxc4 23. Rd1 Ra3 24. Rdc1 Na4 25. Rc2 Nxc3 26. Kg2 Ba4 27. Rb2 Nd1 28. Rd2 Nc3 29. Kh3 Nd1 30. Rdxd1 Bxd1 31. Rxd1 Rxf2 32. Kg4 Rxe3 0-1

[Event "COL pre olympic sf2"]
[Site "Palmira"]
[Date "2019.06.02"]
[Round "9"]
[White "Marin, Santiago"]
[Black "Solano, Deisy"]
[Result "1/2-1/2"]
[WhiteElo "1539"]
[BlackElo "1355"]
[PlyCount "80"]
[EventDate "2019.05.29"]
[EventType "swiss"]
[EventRounds "10"]
[EventCountry "COL"]
[SourceTitle "CBM 190 Extra"]
[Source "ChessBase"]
[SourceDate "2019.07.15"]
[SourceVersion "1"]
[SourceVersionDate "2019.07.15"]
[SourceQuality "1"]

1. e4 e5 2. Nf3 Nf6 3. d4 Nxe4 4. Bd3 d5 5. Nxe5 Bd6 6. 0-0 0-0 7. f3 Nf6 8. Bg5 Be7 9. c3 Be6 10. Bc2 Nh5 11. Bxe7 Qxe7 12. f4 Qh4 13. f5 Bd7 14. Rf3 Qg5 15. h4 Qe7 16. g4 Nf6 17. g5 Ne4 18. Nd2 f6 19. Nxd7 Nxd7 20. Qe2 Rae8 21. Nxe4 fxg5 22. f6 gxf6 23. Nxf6+ Nxf6 24. Qxe7 Rxe7 25. hxg5 Ne4 26. Bxe4 Rxe4 27. Rxf8+ Kxf8 28. Rf1+ Kg7 29. Rf5 c6 30. Kf2 Kg6 31. Rf8 Kxg5 32. Rg8+ Kf6 33. Kf3 Kf7 34. Rg1 h5 35. Rg5 h4 36. Rg1 Kf6 37. Rg8 Re7 38. Rh8 Kg5 39. Rg8+ Kh5 40. Rh8+ Kg5 1/2-1/2

[Event "COL pre olympic sf2"]
[Site "Palmira"]
[Date "2019.05.31"]
[Round "5"]
[White "Solano, Deisy"]
[Black "Dominguez, Laura Lucia"]
[Result "0-1"]
[WhiteElo "1355"]
[BlackElo "1968"]
[PlyCount "66"]
[EventDate "2019.05.29"]
[EventType "swiss"]
[EventRounds "10"]
[EventCountry "COL"]
[SourceTitle "CBM 190 Extra"]
[Source "ChessBase"]
[SourceDate "2019.07.15"]
[SourceVersion "1"]
[SourceVersionDate "2019.07.15"]
[SourceQuality "1"]

1. d4 d6 2. f4 c5 3. c3 cxd4 4. cxd4 Nf6 5. Nf3 g6 6. e3 Bg7 7. Bd3 0-0 8. 0-0 b6 9. b3 Bb7 10. Nbd2 Nc6 11. Bb2 Rc8 12. Rc1 Nb4 13. Bb1 Ba6 14. Re1 Nd3 15. Bxd3 Bxd3 16. a4 Qd7 17. Nc4 Be4 18. Ncd2 Rxc1 19. Qxc1 Rc8 20. Qa1 Qb7 21. Nxe4 Nxe4 22. Rc1 h6 23. Rxc8+ Qxc8 24. Qc1 Qxc1+ 25. Bxc1 f5 26. Bb2 g5 27. g3 Kf7 28. Kg2 Bf6 29. h4 g4 30. Ne1 Nd2 31. b4 Ke6 32. Kf2 Ne4+ 33. Kg2 Kd5 0-1

[Event "COL-ch sf1"]
[Site "Medellin"]
[Date "2019.04.21"]
[Round "10"]
[White "Solano, Deisy"]
[Black "Vizcaino Castillo, Andrea Carolina"]
[Result "0-1"]
[WhiteElo "1402"]
[BlackElo "1445"]
[PlyCount "48"]
[EventDate "2019.04.16"]
[EventType "swiss"]
[EventRounds "10"]
[EventCountry "COL"]
[SourceTitle "CBM 190 Extra"]
[Source "ChessBase"]
[SourceDate "2019.07.15"]
[SourceVersion "1"]
[SourceVersionDate "2019.07.15"]
[SourceQuality "1"]

1. d4 d5 2. e3 Nf6 3. Bd3 c5 4. c3 e6 5. Nf3 Bd6 6. Nfd2 b6 7. f4 cxd4 8. cxd4 Bb7 9. Nf3 0-0 10. 0-0 Nc6 11. a3 Rc8 12. Nbd2 Ne7 13. Ne5 Ne4 14. g4 f6 15. Nef3 Qc7 16. g5 fxg5 17. Bxe4 dxe4 18. Nxg5 Qd7 19. Rf2 Rf6 20. Rg2 Rg6 21. Qh5 h6 22. Nh3 Rxg2+ 23. Kxg2 Nf5 24. Qd1 Nxe3+ 0-1

[Event "COL-ch sf1"]
[Site "Medellin"]
[Date "2019.04.20"]
[Round "9"]
[White "Remicio Gomez, Joshua Santiago"]
[Black "Solano, Deisy"]
[Result "1/2-1/2"]
[WhiteElo "1280"]
[BlackElo "1402"]
[PlyCount "41"]
[EventDate "2019.04.16"]
[EventType "swiss"]
[EventRounds "10"]
[EventCountry "COL"]
[SourceTitle "CBM 190 Extra"]
[Source "ChessBase"]
[SourceDate "2019.07.15"]
[SourceVersion "1"]
[SourceVersionDate "2019.07.15"]
[SourceQuality "1"]

1. e4 e5 2. Nf3 Nf6 3. Nc3 d6 4. Bc4 Be7 5. h3 h6 6. 0-0 0-0 7. d3 Nc6 8. Re1 Na5 9. Be3 Nxc4 10. dxc4 Be6 11. b3 a6 12. Qe2 Qd7 13. Rad1 Qc6 14. Nd5 Rfe8 15. c3 Nxe4 16. Rd3 Nf6 17. Red1 e4 18. Nxf6+ Bxf6 19. R3d2 exf3 20. gxf3 Bxh3 21. Rd5 1/2-1/2

[Event "COL-chT (Women)"]
[Site "Ibague"]
[Date "2017.07.21"]
[Round "6.4"]
[White "Pantoja Pantoja, Danna Nicole"]
[Black "Solano, Deisy"]
[Result "1/2-1/2"]
[WhiteElo "1517"]
[BlackElo "1545"]
[PlyCount "63"]
[EventDate "2017.07.19"]
[EventType "team-swiss"]
[EventRounds "6"]
[EventCountry "COL"]
[SourceTitle "CBM 179 Extra"]
[Source "ChessBase"]
[SourceDate "2017.08.23"]
[SourceVersion "1"]
[SourceVersionDate "2017.08.23"]
[SourceQuality "1"]
[WhiteTeam "Narino (W)"]
[BlackTeam "Norte de Santander (W)"]
[WhiteTeamCountry "COL"]
[BlackTeamCountry "COL"]

1. e4 e5 2. Nf3 Nc6 3. Nc3 a6 4. Bc4 Bc5 5. d3 h6 6. 0-0 Nf6 7. Be3 Bxe3 8. fxe3 Na5 9. Nxe5 Nxc4 10. Nxc4 0-0 11. e5 Nh7 12. e4 Qg5 13. Rf5 Qe7 14. Rf2 b5 15. Ne3 Qxe5 16. Qf3 Ng5 17. Qf5 Qd4 18. Qf4 d6 19. h4 Ne6 20. Qf3 b4 21. Nf5 Qf6 22. Nd5 Qxb2 23. Re1 Kh7 24. Qg3 Bb7 25. c3 Qa3 26. Nxc7 Qxc3 27. Nxe6 Qxe1+ 28. Kh2 Rg8 29. Nxh6 fxe6 30. Nxg8 Kxg8 31. Qf3 Qc3 32. Qf7+ 1/2-1/2

[Event "COL-chT (Women)"]
[Site "Ibague"]
[Date "2017.07.20"]
[Round "3.4"]
[White "Solano, Deisy"]
[Black "Dominguez, Daniela"]
[Result "1-0"]
[WhiteElo "1545"]
[BlackElo "1347"]
[PlyCount "39"]
[EventDate "2017.07.19"]
[EventType "team-swiss"]
[EventRounds "6"]
[EventCountry "COL"]
[SourceTitle "CBM 179 Extra"]
[Source "ChessBase"]
[SourceDate "2017.08.23"]
[SourceVersion "1"]
[SourceVersionDate "2017.08.23"]
[SourceQuality "1"]
[WhiteTeam "Norte de Santander (W)"]
[BlackTeam "San Andres Isla (W)"]
[WhiteTeamCountry "COL"]
[BlackTeamCountry "COL"]

1. d4 Nf6 2. e3 Nc6 3. c3 d5 4. Bd3 a6 5. Nf3 Bg4 6. 0-0 Qd6 7. Nbd2 e5 8. Be2 e4 9. Ng5 h5 10. h3 Be7 11. hxg4 hxg4 12. g3 0-0-0 13. Bxg4+ Kb8 14. Nxf7 Qxg3+ 15. fxg3 Bd6 16. Nxd8 Nxd8 17. Kg2 Nf7 18. Rh1 Nxg4 19. Rxh8+ Nxh8 20. Qxg4 1-0